Coulson & Richardson's chemical engineering, vol.3: chemical & biochemical reactors & process control. (3rd ed.) (Record no. 62579)
[ view plain ]
| 000 -LEADER | |
|---|---|
| fixed length control field | 01579nam a2200277 a 4500 |
| 008 - FIXED-LENGTH DATA ELEMENTS--GENERAL INFORMATION | |
| fixed length control field | 120416s1994 ||||||||||||||||| || u |
| 020 ## - INTERNATIONAL STANDARD BOOK NUMBER | |
| International Standard Book Number | 0080410030 |
| 050 ## - LIBRARY OF CONGRESS CALL NUMBER | |
| Classification number | TP 155 COU |
| 100 ## - MAIN ENTRY--PERSONAL NAME | |
| Personal name | Richardson, John Francis |
| 245 10 - TITLE STATEMENT | |
| Title | Coulson & Richardson's chemical engineering, vol.3: chemical & biochemical reactors & process control. (3rd ed.) |
| Statement of responsibility, etc. | [edited by] J. F. Richardson and D. G. Peacock |
| 246 ## - | |
| -- | Chemical engineering, vol.3. -- 3rd ed. |
| 250 ## - EDITION STATEMENT | |
| Edition statement | 3rd ed. |
| 260 ## - PUBLICATION, DISTRIBUTION, ETC. | |
| Place of publication, distribution, etc. | Oxford: |
| Name of publisher, distributor, etc. | Buitterworth/Heinemann |
| Date of publication, distribution, etc. | 1994 |
| 300 ## - PHYSICAL DESCRIPTION | |
| Extent | xv, 648p. : ill. |
| 350 ## - | |
| -- | 0.00 |
| 490 ## - | |
| -- | Coulson & Richardson's chemical engineering series, vol. 3 |
| 650 ## - SUBJECT ADDED ENTRY--TOPICAL TERM | |
| Topical term or geographic name entry element | CHEMICAL ENGINEERING |
| 650 ## - SUBJECT ADDED ENTRY--TOPICAL TERM | |
| Topical term or geographic name entry element | ENGINEERING |
| 700 ## - ADDED ENTRY--PERSONAL NAME | |
| Personal name | Coulson, J. M. (John Metcalfe) |
| 700 ## - ADDED ENTRY--PERSONAL NAME | |
| Personal name | Peacock, D. G |
| 995 ## - | |
| -- | BINDERY (DAMAGED) |
| -- | 0.00 |
| -- | 734991 |
| -- | CBU-MAIN LIBRARY (Kitwe) |
| -- | 1 |
| -- | 35.00 |
| -- | TP 155 Cou |
| -- | 1 |
| -- | DAMAGED |
| -- | 38193 |
| -- | Main Library Open Access Collection |
| 995 ## - | |
| -- | SHORT LOAN BOOKS |
| -- | 0.00 |
| -- | 735611 |
| -- | CBU-MAIN LIBRARY (Kitwe) |
| -- | 1 |
| -- | 30.00 |
| -- | TP 155 Cou |
| -- | 3 |
| -- | AVAILABLE |
| -- | 48706 |
| -- | Short Loan Collection |
| 995 ## - | |
| -- | MAIN LIBRARY OPEN ACCESS |
| -- | 407700.00 |
| -- | 742281 |
| -- | CBU-MAIN LIBRARY (Kitwe) |
| -- | 1 |
| -- | 0.00 |
| -- | TP 155 COU |
| -- | 4 |
| -- | AVAILABLE |
| -- | Nov 18, 2010 |
| -- | 742281 |
| -- | Main Library Open Access Collection |
| 995 ## - | |
| -- | BINDERY (DAMAGED) |
| -- | 0.00 |
| -- | 740195 |
| -- | CBU-MAIN LIBRARY (Kitwe) |
| -- | 2 |
| -- | 35.00 |
| -- | TP 155 Cou |
| -- | 2 |
| -- | DAMAGED |
| -- | 41928 |
| -- | Main Library Open Access Collection |
| 995 ## - | |
| -- | BINDERY (DAMAGED) |
| -- | 407700.00 |
| -- | 742282 |
| -- | CBU-MAIN LIBRARY (Kitwe) |
| -- | 1 |
| -- | 0.00 |
| -- | TP 155 COU |
| -- | 5 |
| -- | DAMAGED |
| -- | Nov 18, 2010 |
| -- | 742282 |
| -- | Main Library Open Access Collection |
| 999 ## - | |
| -- | 62579 |
| -- | 62579 |
| Withdrawn status | Lost status | Source of classification or shelving scheme | Damaged status | Not for loan | Permanent Location | Current Location | Shelving location | Date acquired | Total Checkouts | Full call number | Barcode | Date last seen | Price effective from | Koha item type | Date last checked out |
|---|---|---|---|---|---|---|---|---|---|---|---|---|---|---|---|
| CBU-MAIN LIBRARY, KITWE. | CBU-MAIN LIBRARY, KITWE. | 12/13/2022 | TP 155 COU | 38193 | 12/13/2022 | 12/13/2022 | MONOGRAPH | ||||||||
| CBU-MAIN LIBRARY, KITWE. | CBU-MAIN LIBRARY, KITWE. | 12/13/2022 | TP 155 COU | 48706 | 12/13/2022 | 12/13/2022 | MONOGRAPH | ||||||||
| CBU-MAIN LIBRARY, KITWE. | CBU-MAIN LIBRARY, KITWE. | 12/13/2022 | 1 | TP 155 COU | 742281 | 09/02/2024 | 12/13/2022 | MONOGRAPH | 04/23/2024 | ||||||
| CBU-MAIN LIBRARY, KITWE. | CBU-MAIN LIBRARY, KITWE. | 12/13/2022 | TP 155 COU | 41928 | 12/13/2022 | 12/13/2022 | MONOGRAPH | ||||||||
| CBU-MAIN LIBRARY, KITWE. | CBU-MAIN LIBRARY, KITWE. | 12/13/2022 | TP 155 COU | 742282 | 12/13/2022 | 12/13/2022 | MONOGRAPH |